00477nam a2200157Ia 45000010006000000050017000060080041000230410008000640820022000721000050000942450128001442600009002723000022002816500008003036540008003112000220260306172734.0260306t2006||||xx |||||||||||||| ||spa|| aESP a342.104bC76 V. 2 aOrganización de los Estados AmericanoseAUT 0aDemandas presentadas por la Comisión Interamericana de Derechos Humanos a la Corte Interamericana de Derecho Humanos 2004 c2006 apágs. :c28 cm. aGEN aCDE